[Event "11th Edmonton International"]
[Site "Edmonton"]
[Date "2016.06.21"]
[Round "4.4"]
[White "Wang, Richard"]
[Black "Findlay, Ian"]
[Result "0-1"]
[WhiteElo "2341"]
[BlackElo "2257"]
[PlyCount "80"]
[EventDate "2016.06.18"]
[EventType "tourn"]
[EventRounds "9"]
[EventCountry "CAN"]
[SourceDate "2016.04.20"]

1. d4 Nf6 2. Nf3 e6 3. e3 d5 4. Bd3 c5 5. b3 Nc6 6. O-O Bd6 7. Bb2 O-O 8. Ne5 {
Richard opts for his usual Colle-Zukertort setup.} Qc7 {This trick has been
known for more than 100 years. The idea is to exchange White's dangerous
light-squared bishop.} 9. f4 cxd4 10. exd4 Nb4 11. Nc3 Nxd3 12. Qxd3 {As far
as I know, Richard has a pretty good score from this position despite the fact
that the computers tend to give a slight advantage to Black. Perhaps, the
reason is that White's plan is clear and relatively simple, while it's not so
obvious what Black should do.} Bd7 13. Rf3 Bc6 ({Richard faced} 13... Rac8 {
in one of his earlier high-level games.}) {The purpose of the text move is to
establish control of the e4-square, rather than create pressure along the
c-file.} 14. Rh3 Ne4 15. Nxe4 dxe4 16. Qg3 f5 ({The computer advocates} 16...
f6 $5 {and asserts that White's best continuation is} 17. Rxh7 Kxh7 18. Qh3+
Kg8 19. Qxe6+ Kh7 20. Qh3+ {with a perpetual. Perhaps, Richard will show an
improvement in his next game.}) 17. c4 Bxe5 18. fxe5 {The correct recapture.} (
{After} 18. dxe5 $6 Rfd8 {White's heavy pieces would look a little silly.})
18... f4 $5 {The most interesting and probably best continuation. Now White
cannot block the f-pawn.} 19. Qh4 h6 20. Qg4 Qf7 $2 {Surprisingly, this gives
White decisive advantage.} ({The only move maintaining equilibrium is} 20...
Kh7 $3 {stepping out of the check.} {Now} 21. Qxe6 $2 {loses an exchange to}
Bd7 22. Qe7 Rae8 23. Qh4 Bxh3) 21. Rxh6 f3 {Black may have counted on this
resource but White has a strong reply:} 22. Rf6 $1 Qe7 {One of the critical
positions of the game.} 23. Qxe6+ $2 {Capturing with a wrong piece,
unfortunately.} (23. Rxe6 $1 {is decisive.} {Here} Bd7 24. Rxe7 Bxg4 25. gxf3
Bxf3 26. d5 {leaves Black with nothing.}) 23... Qxe6 24. Rxe6 f2+ {Natural.} ({
Another interesting possibility is} 24... e3 $5 25. gxf3 Rxf3 {, also with
counterplay.}) 25. Kf1 e3 26. Rxc6 $1 {The black pawns have become very
dangerous but Richard finds the only way to play for a win.} ({If} 26. d5 $6
Bd7 {, then White has to sacrifice the exchange anyway:} 27. Bd4 $1 ({not} 27.
Rg6 $2 Bf5 {and Black wins}) 27... Bxe6 28. dxe6 {Here after a plausible} Rf4
29. Bxe3 Re4 30. Bxf2 Rxe5 31. Re1 Rxe1+ 32. Kxe1 Re8 33. Kd2 Rxe6 {a
handshake is in order.}) 26... bxc6 27. Ba3 {This is a logical way to activate
the bishop but Black finds a great reply.} ({Also insufficient for advantage is
} 27. Ke2 {which gives Black an option of} f1=Q+ 28. Rxf1 Rxf1 29. Kxf1 Rf8+
30. Ke1 Rf2 {The active rook guarantees Black at least equality.}) ({The best
move is a surprising} 27. g3 $3 {preventing the opponent's next maneuver. In
this case White's winning hopes would be alive.}) 27... Rf4 $1 28. Bc5 Re4 $1
29. Ke2 a6 30. b4 ({The tactical justification of Black's idea is that} 30. Kf3
{may be answered by} Kf7 {The rook is taboo:} 31. Kxe4 $4 e2 {and queens.})
30... Kf7 31. a4 g5 {The tension is mounting. I believe that both opponents
were playing for a win at this point.} 32. g3 {White finally covers the
f4-square but allows the following play on the kingside.} (32. h3 {looks more
tenacious but has its own downsides.}) 32... Rh8 33. Rh1 Kg6 34. a5 Kf5 35. h3
$1 {The black king must not be allowed to penetrate.} Ke6 36. b5 $1 {Correct.
White must make his queenside pawn majority count.} cxb5 37. cxb5 Rg4 {Black
has been planning this move for some time.} ({An alternative is} 37... axb5 {
although after} 38. a6 Ra8 39. a7 Kd5 40. Ra1 {White's counterplay should be
sufficient for a draw.}) 38. Rd1 $1 {The best move.} ({Certainly not} 38. Kf3
$2 Rxh3 {and Black wins.}) 38... Rxg3 (38... Rxh3 {leads to the following
spectacular draw:} 39. bxa6 Rgxg3 40. a7 Rh8 41. d5+ Kf5 42. Bxe3 Rg1 43. Bxf2
Rxd1 44. Kxd1 Ke4 45. e6 Kxd5 46. e7 Ra8 47. Bg3 Kc6 48. Bb8 Kd7) 39. d5+ {
The point of White's previous. It looks like Black cannot take the e5-pawn. Or
can he?} Kxe5 {It turns out that the capture is possible! While I was watching
the game live, I thought that Black was just winning here.} ({An alternative is
} 39... Kf5 40. Bxe3 Rg1 41. Rxg1 fxg1=Q 42. Bxg1 axb5 43. e6 Ke5 44. e7 Kxd5
45. Be3 {with a probable draw.}) 40. Bd4+ Ke4 {The tactical justification of
Black's idea.} ({The computer actually advocates the following line:} 40... Kf4
41. Bxh8 Rg1 42. Bd4 Rxd1 43. Bxe3+ Ke4 44. Bxf2 Rxd5 45. bxa6 Rxa5 46. a7 Ra2+
47. Kd1 Kf3 48. Bb6 Kg3 49. Kc1 Kxh3 50. Kb1 {with a tablebase draw.}) (40...
Ke4 {The time control passed, and Richard got plenty of extra time on the
clock to contemplate the situation on the board. The principal continuation is,
of course,} 41. Bxh8 {since White's previous play doesn't make sense otherwise.
} {However, what to do after} Rg1 {?} 42. Rf1 (42. Ra1 $3 {A very hard move to
see! Now it is Black who has to fight for a draw:} f1=Q+ 43. Rxf1 Rg2+ 44. Ke1
Kd3 {Here White has a great resource} 45. Bd4 $1 {although after} Rc2 46. Bxe3
Kxe3 47. Kd1 Rd2+ 48. Kc1 Rxd5 49. bxa6 Rxa5 50. Rf6 {the most likely outcome
is a draw.}) {loses to} 42... Rxf1 43. Kxf1 Kf3 {with a checkmate in one.
During the game I was sure that Richard had no choice but to resign here,
which is what he did after a prolonged thought. But the story doesn't end at
this point. Shortly afterwards I went to a nearby restaurant for dinner. There
I met a friend of mine who was following the games live. He immediately asked
me whether there had a transmission problem with Richard's game because White
isn't worse in the final position according to the computer. I couldn't
believe that but the answer to the riddle was soon found.}) 0-1

[Event "11th Edmonton International"]
[Site "Edmonton"]
[Date "2016.06.25"]
[Round "8.3"]
[White "Sethuraman, S P."]
[Black "Findlay, Ian"]
[Result "1-0"]
[WhiteElo "2653"]
[BlackElo "2257"]
[PlyCount "121"]
[EventDate "2016.06.18"]
[EventType "tourn"]
[EventRounds "9"]
[EventCountry "CAN"]
[SourceDate "2016.04.20"]

1. Nf3 Nf6 2. c4 e6 3. e3 d5 4. b3 c5 5. Bb2 Nc6 6. cxd5 exd5 7. Bb5 Bd6 8. d4
O-O 9. dxc5 Bxc5 10. O-O Qd6 11. Qc2 Nb4 12. Qe2 Bg4 13. a3 Nc6 14. Nbd2 Rfe8
15. Qd3 Rad8 16. Rfc1 Bb6 17. b4 Re7 18. Bxc6 bxc6 19. Nd4 Bd7 20. a4 Ne4 21.
N2f3 Ree8 22. Ba3 Qh6 23. Ra2 Rc8 24. Rac2 {The position looks fairly standard:
White develops pressure on the queenside, while Black seeks his chances on the
kingside.} g5 $5 {Fearless! The position quickly becomes complicated and hard
to play for both sides. This explains a number of errors in what follows.} (
24... Qg6 {is a "normal" alternative.}) 25. g3 g4 26. Nh4 {The point of
White's previous move.} (26. Nd2 $2 {runs into} Nxf2 $1 27. Kxf2 Qxh2+ 28. Kf1
Qxg3 {with a crushing attack.}) 26... Bd8 {The right idea in principle but the
execution is imprecise.} ({It is better to play} 26... a5 {first to clarify
the situation on the queenside.} {If} 27. bxa5 {then} Bd8 {and as in the game.}
) 27. Ng2 ({The computer advocates} 27. b5 $5 {not fearing} Bxh4 28. bxc6 $1
Be6 29. gxh4 Qxh4 {White understandably doesn't want to expose his king so
much.}) 27... Ng5 28. Bb2 {White wants to create threats along the weakened
long diagonal.} ({Nevertheless,} 28. b5 $1 {winning a pawn is stronger.}) 28...
Bf6 29. Ne1 {Overprotecting the f3-square as Black had an idea of taking on d4
followed by Nf3.} Nh3+ 30. Kg2 Bg5 $2 {Preparing the following combination
that White either misses or underestimates.} 31. b5 $2 ({However, leaving the
long diagonal unprotected allowed the following tactical sequence:} 31. Nxc6 $1
Rxc6 32. Rxc6 Bxc6 33. Qd4 {and Black has nothing better than} Qf6 34. Qxf6
Bxf6 35. Bxf6 Bxa4 {with a worse endgame.}) 31... c5 ({Everything is actually
ready for} 31... Nxf2 $1 32. Rxf2 Bxe3 {etc.}) 32. Nc6 $2 ({White had a chance
to disrupt the opponents attack by means of} 32. Nf5 $1) 32... Nxf2 $3 {
A well prepared crushing blow giving Black decisive advantage.} 33. Rxf2 Bxe3
34. Rd1 Rxc6 $1 {Another spectacular sacrifice. The black bishops will soon
become monsters controlling the whole board.} 35. bxc6 Bxc6 36. Qe2 d4+ 37. Kg1
Qg6 38. Ng2 Qe4 (38... Bf3 {wins on the spot. For example,} 39. Qe1 Bxf2+ 40.
Qxf2 Bxd1 {etc.}) 39. Kf1 c4 $2 ({It was time to switch to simple chess:} 39...
Bxf2 40. Qxe4 Bxe4 41. Kxf2 Bxg2 {with three pawns more in the ending.}) {
Now White bails out by returning some of his extra material.} 40. Bxd4 $1 Bxd4
41. Qxe4 Rxe4 42. Rf4 $1 {Trading a pair of rooks is also good for White.}
Rxf4+ 43. Nxf4 Be5 {Objectively, this endgame should end in a draw.
Unfortunately, Black commits a suicide later on.} 44. a5 a6 45. Rd8+ Kg7 46.
Rc8 Bb5 47. Nd5 h5 48. Kf2 Bd4+ 49. Ke2 Be5 50. Ke3 h4 $1 51. gxh4 Bxh2 52. Nc3
Bd7 53. Rxc4 Bg3 54. h5 Be5 55. Rc5 f6 56. Nd5 Kh6 57. Nf4 Bb5 58. Rc8 Kg5 $2 {
The losing move.} ({White doesn't have much after} 58... Kh7) 59. Rg8+ Kf5 ({
Also hopeless is} 59... Kh6 60. Rg6+ Kh7 61. Nd5 {etc.}) 60. Nd5 g3 61. h6 1-0

[Event "11th Edmonton International"]
[Site "Edmonton"]
[Date "2016.06.26"]
[Round "9.3"]
[White "Wang, Richard"]
[Black "Shankland, Sam"]
[Result "1/2-1/2"]
[WhiteElo "2341"]
[BlackElo "2646"]
[PlyCount "58"]
[EventDate "2016.06.18"]
[EventType "tourn"]
[EventRounds "9"]
[EventCountry "CAN"]
[SourceDate "2016.04.20"]
[WhiteClock "1:02:18"]
[BlackClock "0:44:30"]

1. d4 Nf6 2. Nf3 b6 3. Bg5 e6 4. e4 h6 5. Bxf6 Qxf6 6. Bd3 Bb7 7. O-O g6 8.
Nbd2 Bg7 9. Qe2 O-O 10. Rfe1 d6 11. e5 {Perhaps, a little early.} (11. c3 $5 {
strengthening the center deserves attention.}) 11... Qe7 12. c3 c5 13. Nc4 {
Looks promising but Black finds a way to maintain the balance.} Bxf3 14. Qxf3
d5 15. Nd6 cxd4 16. cxd4 Nc6 17. Qe3 {The knight looks good on d6 but it
allows the following tactical blow:} Nxd4 $5 18. Nxf7 $1 {Correct. This
desperado is the only way to keep the material even.} ({Certainly not} 18. Qxd4
$2 Qxd6 {with a pawn more for Black.}) 18... Qxf7 19. Qxd4 Rac8 20. Rac1 ({
If White wants to play for a win, he should keep the rooks on the board:} 20.
Re2 $5 {In the future White may be able to develop a kingside attack using the
opposite-color bishops to his advantage.}) 20... g5 21. g3 {Objectively, the
position is absolutely equal. Black finds a nice way to force a draw by
perpetual that guarantees him the title.} Bxe5 $5 22. Qxe5 Rxc1 23. Rxc1 Qxf2+
24. Kh1 Qf3+ 25. Kg1 Qf2+ {Neither side can favorably avoid the repetition of
moves.} (25... Qxd3 26. Qxe6+ Rf7 27. Rc8+ Kg7 28. Qe5+ {leads to the same
result.}) 26. Kh1 Qf3+ 27. Kg1 Qf2+ 28. Kh1 Qf3+ 29. Kg1 Qf2+ 1/2-1/2

[Event "Edmonton International Open"]
[Site "Edmonton"]
[Date "2016.06.25"]
[Round "2.1"]
[White "Kadavil, Suresh"]
[Black "Gardner, Robert"]
[Result "0-1"]
[WhiteElo "1653"]
[BlackElo "2240"]
[PlyCount "66"]
[EventDate "2016.06.24"]
[EventType "swiss"]
[EventRounds "5"]
[EventCountry "CAN"]
[SourceDate "2016.04.20"]

1. b3 c5 2. Bb2 Nc6 3. e3 e5 4. c4 d6 5. g3 f5 {Already a new position in the
database!} 6. f4 {Overly creatively.} ({Normal development like} 6. Bg2 Nf6 7.
Nc3 g6 8. Nge2 Bg7 9. O-O O-O 10. d3 {leads to a good position for White.})
6... Nf6 7. Nc3 Be6 8. Bg2 e4 9. d3 $1 {A dream scenario for White. Black's
ambitious play in the opening left his position overextended.} Ng4 $1 {The
best try.} ({After a natural} 9... exd3 10. Qxd3 Qd7 11. Nf3 O-O-O 12. O-O {
White has excellent prospects in the center and on the queenside.}) 10. Qd2
exd3 11. Qxd3 Nb4 12. Qd2 ({The computer points out that Black's play can be
refuted by} 12. Qe2 $1 {with the idea} Nxe3 $2 13. Kd2 $1 Nxg2 14. Qxe6+ {
The stranded g2-knight will soon be picked up leaving White with an extra
piece.}) 12... Nxe3 13. Bxb7 Nec2+ 14. Kf2 Nxa1 15. Bxa1 Rb8 16. Bd5 Bxd5 $2 {
This gets Black in serious trouble.} ({Correct is} 16... Nxd5 {keeping the
light-squared bishop on the board.} {After} 17. Nxd5 Kd7 $5 {the position is
unclear.}) 17. Nxd5 Nxd5 18. Qxd5 Qa5 19. Qe6+ ({According to the computer,
the most incisive continuation is} 19. Nf3 Qxa2+ 20. Nd2 {Nevertheless,
despite a huge score in White's favor he still has to convert his lead in
development into a full point.}) 19... Kd8 20. Bf6+ $2 {Tempting but incorrect.
} ({Developing the kingside} 20. Ne2 $1 {is still best.}) 20... Kc7 {Certainly,
Black is not obligated to capture the bishop.} 21. Ba1 Qxa2+ 22. Ne2 Qc2 23.
Re1 $2 {Too slow.} ({White has granted the opponent two crucial tempi but
after the correct} 23. Qf7+ {the position remains highly unclear.} {For
example, a plausible} Kd8 24. Bc3 Be7 25. Rc1 Qe4 26. Re1 Qc2 27. Rc1 {may
lead to a draw by repetition.}) 23... Qe4 24. Qf7+ Qe7 25. Qd5 $2 {Now Black
can breathe a sigh of relief.} ({After} 25. Qxf5 {White is still in the game.})
25... Re8 {The rest goes smoothly for Black.} 26. Bc3 Qe3+ 27. Kf1 Qe4 28. Ba5+
Kd7 29. Qd2 Qf3+ 30. Kg1 Qe3+ 31. Qxe3 Rxe3 32. Kf2 Rxb3 33. Nc3 Ra3 0-1

[Event "2016 Canadian Open"]
[Site "Windsor"]
[Date "2016.07.16"]
[Round "7"]
[White "Shi, Diwen"]
[Black "Cherniaev, Alexander"]
[Result "0-1"]
[WhiteElo "2132"]
[BlackElo "2451"]
[PlyCount "100"]
[EventDate "2016.07.10"]
[EventType "swiss"]
[EventRounds "9"]
[EventCountry "CAN"]
[SourceDate "2016.04.20"]

1. e4 g6 2. d4 Bg7 3. Nc3 a6 4. f4 b5 5. Nf3 Bb7 6. Bd3 d6 7. e5 Nd7 8. Qe2 {
Delaying castling in favor of more useful developing moves also keeps the
option of queenside castling open.} c5 9. Ng5 {Leaving the d4-pawn undefended
but White probably knows what he is doing.} cxd4 {Black is up to the challenge.
} 10. e6 f6 $2 {A novelty that will not attract any followers.} ({So far Black
has exclusively played} 10... f5 {with great results in spite of unfavorable
computer evaluation after} 11. exd7+ Qxd7 12. Nd1 e5 13. fxe5 dxe5 14. a4 $1)
11. exd7+ Qxd7 12. Ne6 dxc3 {The first critical position of the game.} 13. Qg4
$2 {After this White is left empty-handed.} ({On the contrary, after} 13. f5 $1
{he wins the opening battle.} {Black is hard pressed to find a move. For
example,} Bd5 14. Nxg7+ Kf7 15. Ne6 cxb2 16. Bxb2 Bxe6 17. fxe6+ Qxe6 18. Qxe6+
Kxe6 {and the white bishops outweigh the opponent's pawns.}) 13... Qc6 14.
Nxg7+ Kf7 15. Ne6 Nh6 {Gaining valuable time on the queen.} 16. Qh3 Qxg2 17.
Qxg2 Bxg2 18. Rg1 Bb7 19. Nd4 cxb2 20. Bxb2 e5 {In comparison with the line
above, Black kept an important light-squared bishop and managed to put his
central pawn mass in motion.} 21. fxe5 dxe5 22. Nb3 {The position is
approximately balanced.} Rhc8 23. O-O-O Rc7 24. Na5 Bf3 $2 {This natural move
has a tactical flaw but Black gets away with it.} ({Instead,} 24... Bd5 $5 {
loses a pawn to} 25. Bxg6+ hxg6 26. Rxd5 {but somehow gives Black sufficient
counterplay:} Nf5 {(threatening the c2-pawn)} 27. Rd2 Rh8 {with compensation
for the material deficit.}) 25. Rde1 $2 {Pity.} ({After} 25. Bxe5 $1 {Black
loses a pawn without a shred of compensation.} {For example,} Re7 ({or} 25...
fxe5 26. Rgf1) 26. Rdf1 Rxe5 27. Rxf3) 25... Bg4 26. Rgf1 Bf5 $1 27. Bxf5 $2 ({
Leaving the opponent's pawn structure as is by means of} 27. Kb1 {is a lesser
evil.}) 27... gxf5 28. Kb1 Rac8 29. Re2 f4 30. Nb3 Ng4 31. Nc1 $2 {Blundering
another pawn certainly doesn't help White's cause.} Rxc2 32. Rxc2 Rxc2 33. Kxc2
Ne3+ 34. Kd3 Nxf1 {Black's passer will decide the outcome of the game.} 35. h3
Ke6 36. Ke2 Ne3 37. Nd3 Nc4 38. Bc1 a5 39. Nb2 Kd5 40. Nxc4 Kxc4 41. Bb2 b4 42.
Kd2 a4 43. a3 bxa3 44. Bxa3 Kb3 45. Be7 f5 46. Bd6 e4 47. Bxf4 a3 48. Be5 a2
49. Bd4 f4 50. Be5 f3 0-1

[Event "9th Calgary International"]
[Site "Calgary"]
[Date "2016.07.28"]
[Round "2.13"]
[White "Wu, Chenxi"]
[Black "Ebrahim-Shirazi, Behrooz"]
[Result "1-0"]
[WhiteElo "1757"]
[BlackElo "2050"]
[PlyCount "43"]
[EventDate "2016.07.27"]
[EventType "swiss"]
[EventRounds "9"]
[EventCountry "CAN"]
[SourceDate "2016.04.20"]

1. e4 e6 2. d4 d5 3. e5 c5 4. c3 Nc6 5. Nf3 Bd7 6. Bd3 cxd4 7. cxd4 Qb6 8. O-O
Nxd4 9. Nbd2 {The main line of the Milner-Barry gambit.} Rc8 {A rare move that
looks playable though.} 10. Nxd4 Qxd4 11. Nf3 Qb6 12. Ng5 Bb5 $2 {Black
achieves a positionally desirable trade of light-squared bishops but gets
behind in development and loses almost by force.} ({After a solid} 12... Be7 $5
{a complex struggle lies ahead.}) 13. Qh5 g6 (13... Nh6 {doesn't help either:}
14. Be3 Qa6 15. Bxb5+ Qxb5 16. Nxe6 g6 17. Qg5 fxe6 18. Qf6 {etc.}) 14. Qf3 Rc7
15. Be3 {Winning an important tempo.} Qa5 ({Black can try} 15... Bc5 {but after
} 16. Rac1 Nh6 17. Rxc5 Rxc5 18. b4 {White wins material.}) 16. Bxb5+ Qxb5 17.
Rac1 $1 {Exchanging a key defender and seizing the c-file.} Qd7 18. Rxc7 Qxc7
19. Rc1 Qe7 20. Qf4 Bh6 21. Qa4+ Kd8 22. Bb6+ {Black resigned in view of an
inevitable checkmate in a couple of moves. The punishment has been executed
exemplarily!} 1-0

[Event "9th Calgary International"]
[Site "Calgary"]
[Date "2016.07.28"]
[Round "3.5"]
[White "Troff, Kayden"]
[Black "Bruzon, Lazaro"]
[Result "1/2-1/2"]
[WhiteElo "2543"]
[BlackElo "2643"]
[PlyCount "120"]
[EventDate "2016.07.27"]
[EventType "swiss"]
[EventRounds "9"]
[EventCountry "CAN"]
[SourceDate "2016.04.20"]

1. d4 Nf6 2. c4 e6 3. Nf3 b6 4. g3 Bb4+ 5. Bd2 Bxd2+ 6. Qxd2 c6 7. Nc3 d5 8.
Ne5 O-O 9. cxd5 cxd5 10. e3 Bb7 11. Be2 Nc6 12. f4 Ne7 13. O-O Ne8 14. Bd3 Nd6
15. Qg2 Rc8 16. Rac1 f6 17. Qh3 Nef5 18. g4 fxe5 19. fxe5 Nc4 20. gxf5 Qg5+ 21.
Kf2 Nxb2 22. Bb1 exf5 23. Rg1 Qg4 24. Qf3 Nc4 25. Nb5 Nd2 26. Qxg4 fxg4+ 27.
Kg3 Ba6 28. Nd6 Rxc1 29. Rxc1 h5 30. Bf5 g5 31. e6 Nc4 32. Rxc4 Bxc4 33. e7 Rb8
34. Bg6 Kg7 35. Bxh5 Kf6 36. e8=Q Rxe8 37. Nxe8+ Ke7 {The position looks
totally winning for White. The only problem is his extra knight that is kind
of stuck in the enemy territory.} 38. a3 ({The most incisive continuation is} 
38. Kxg4 $1 {neglecting the a2-pawn.} {After} Bxa2 ({the pawn endgame} 38...
Be2+ 39. Kxg5 Bxh5 40. Kxh5 Kxe8 41. Kg6 {is also an easy win for White}) 39.
Kxg5 a5 40. Nf6 {the knight is back into play, and White should have no
problems converting.}) 38... a5 39. a4 $2 ({Best is} 39. Nc7 Kd6 40. Na8 $1 {
intending to return some material.} {After} Kc6 41. Be8+ Kb7 42. Nxb6 Kxb6 43.
Kxg4 {White ends up with two healthy extra pawns.}) 39... b5 $1 40. axb5 Bxb5
41. Nc7 Bc4 {How to stop the a-pawn now?} 42. Be8 Kd8 {The critical position
of the endgame.} 43. Kxg4 $2 {Curiously, this turns out to be insufficient for
a win.} ({The only way to keep White's winning hopes alive is} 43. Nxd5 $1 {
Black can capture either minor piece but White's central passed pawns will
give him good winning chances.} Kxe8 ({or} 43... Bxd5 44. Ba4 Bf3 45. Kf2 Kc7
46. Ke1 Kd6 47. Kd2) 44. Nc3 Be6 45. e4) 43... Kxc7 44. Ba4 Kb6 45. Kxg5 Bb5 {
Black's counterplay in just enough for a draw. The remainder of the game is
played perfectly by both sides.} 46. Bb3 Bc4 47. Bc2 Kb5 48. h4 a4 49. h5 a3
50. Bb1 a2 51. Bxa2 Bxa2 52. e4 dxe4 53. Kf4 Kc6 54. h6 Bg8 55. Kxe4 Kd6 56.
Kf5 Bh7+ 57. Kf6 Kd5 58. Kg7 Be4 59. h7 Bxh7 60. Kxh7 Kxd4 1/2-1/2